书目信息 |
| 题名: |
智能电网通信
|
|
| 作者: | 布什 著 ;李中伟 译 | |
| 分册: | ||
| 出版信息: | 北京 机械工业出版社 2019 |
|
| 页数: | 26,422页 | |
| 开本: | 24cm | |
| 丛书名: | 智能电网关键技术研究与应用丛书 | |
| 单 册: | ||
| 中图分类: | TM73 | |
| 科图分类: | ||
| 主题词: | 智能控制--电力通信网 | |
| 电子资源: | ||
| ISBN: | 978-7-111-62110-2 | |
| 000 | 01428nam0 2200289 450 | |
| 001 | 2270288568 | |
| 005 | 20221007193139.34 | |
| 010 | @a978-7-111-62110-2@dCNY149.00 | |
| 100 | @a20190626d2019 em y0chiy50 ea | |
| 101 | 1 | @achi@ceng |
| 102 | @aCN@b110000 | |
| 105 | @aa z 000yy | |
| 200 | 1 | @a智能电网通信@9zhi neng dian wang tong xin@e使电网智能化成为可能@f(美)史蒂芬·F. 布什(Stephen F. Bush)著@g李中伟[等]译 |
| 210 | @a北京@c机械工业出版社@d2019 | |
| 215 | @a26,422页@c图@d24cm | |
| 225 | 1 | @a智能电网关键技术研究与应用丛书 |
| 305 | @a由Wiley授权出版 | |
| 312 | @a封面英文题名:Smart grid: communication-enabled intelligence for the electric power grid | |
| 330 | @a本书共分三大部分:第一部分回顾了传统电力系统及其基本法则,分析了智能电网的驱动因素和目标,介绍了发电、输电、配电和用电等电力系统基本组成部分;第二部分介绍了通信网络这个智能电网的主要推动者,阐述了电力系统信息理论和通信架构、需求响应和高级量测体系、分布式发电和输电、配电自动化和智能电网通信标准;第三部分将通信技术应用到实际电网中,并展望了纳米电网和机器智能等智能电网终极目标。 | |
| 461 | 0 | @12001 @a智能电网关键技术研究与应用丛书 |
| 510 | 1 | @aSmart grid@ecommunication-enabled intelligence for the electric power grid@zeng |
| 606 | 0 | @a智能控制@x电力通信网 |
| 690 | @aTM73@v5 | |
| 701 | 0 | @c(美)@a布什@9bu shi@c(Bush, Stephen F.)@4著 |
| 702 | 0 | @a李中伟@9li zhong wei@4译 |
| 801 | 0 | @aCN@b91MARC@c20190628 |
| 905 | @aZUCC@dTM73@e4 | |
| 智能电网通信:使电网智能化成为可能/(美)史蒂芬·F. 布什(Stephen F. Bush)著/李中伟[等]译.-北京:机械工业出版社,2019 |
| 26,422页:图;24cm.-(智能电网关键技术研究与应用丛书) |
| ISBN 978-7-111-62110-2:CNY149.00 |
| 本书共分三大部分:第一部分回顾了传统电力系统及其基本法则,分析了智能电网的驱动因素和目标,介绍了发电、输电、配电和用电等电力系统基本组成部分;第二部分介绍了通信网络这个智能电网的主要推动者,阐述了电力系统信息理论和通信架构、需求响应和高级量测体系、分布式发电和输电、配电自动化和智能电网通信标准;第三部分将通信技术应用到实际电网中,并展望了纳米电网和机器智能等智能电网终极目标。 |
| ● |
| 相关链接 |
|
|
|
正题名:智能电网通信
索取号:TM73/4
 
预约/预借
| 序号 | 登录号 | 条形码 | 馆藏地/架位号 | 状态 | 备注 |
| 1 | 2000912272 | 2000912272 | 第三书库/ [索取号:TM73/4] | 在馆 | |
| 2 | 2000912273 | 2000912273 | 第三书库/ [索取号:TM73/4] | 在馆 | |
| 3 | 2000912274 | 2000912274 | 第三书库/ [索取号:TM73/4] | 在馆 |